[Event "GRE-chT 49th"]
[Site "Thessaloniki"]
[Date "2022.08.13"]
[Round "3"]
[White "Ballas, Kleon Evangelos"]
[Black "Koyias, Konstantinos"]
[Result "1/2-1/2"]
[WhiteElo "1950"]
[BlackElo "2179"]
[PlyCount "61"]
[EventDate "2022.08.12"]
[EventType "team-swiss"]
[EventRounds "7"]
[EventCountry "GRE"]
[SourceTitle "EXT 2024"]
[Source "ChessBase"]
[SourceDate "2023.10.10"]
[SourceVersion "1"]
[SourceVersionDate "2023.10.10"]
[SourceQuality "1"]
[WhiteTeam "Kalamarias"]
[BlackTeam "Larisas"]
[WhiteTeamCountry "GRE"]
[BlackTeamCountry "GRE"]

1. d4 Nf6 2. Nf3 e6 3. e3 d5 4. Bd3 Nbd7 5. Nbd2 Bd6 6. b3 c5 7. Bb2 a6 8. c4 cxd4 9. exd4 0-0 10. 0-0 b6 11. Qe2 Bb7 12. Rac1 Qe7 13. Ne5 Rfc8 14. f4 Re8 15. Bb1 Rac8 16. g4 Nf8 17. g5 N6d7 18. Rc3 dxc4 19. Rh3 g6 20. bxc4 f5 21. Ndf3 Nxe5 22. Nxe5 Nd7 23. Qe3 b5 24. c5 Bb8 25. a3 Bd5 26. Bd3 Bxe5 27. fxe5 Nb8 28. Be2 Nc6 29. Bf3 Qd7 30. Bxd5 Qxd5 31. Rf4 1/2-1/2

[Event "GRE-chT 42nd"]
[Site "Porto Rio"]
[Date "2014.07.01"]
[Round "5.8"]
[White "Ballas, Kleon Evangelos"]
[Black "Michelakos, Panagiotis"]
[Result "0-1"]
[WhiteElo "1893"]
[BlackElo "2162"]
[PlyCount "64"]
[EventDate "2014.06.28"]
[EventType "team-swiss"]
[EventRounds "7"]
[EventCountry "GRE"]
[SourceTitle "CBM 161 Extra"]
[Source "ChessBase"]
[SourceDate "2014.08.29"]
[SourceVersion "1"]
[SourceVersionDate "2014.08.29"]
[SourceQuality "1"]
[WhiteTeam "Thessaloniki Interior"]
[BlackTeam "Nice Fysiolatris"]
[WhiteTeamCountry "GRE"]
[BlackTeamCountry "GRE"]

1. d4 Nf6 2. c4 e6 3. Nf3 Bb4+ 4. Nbd2 0-0 5. a3 Be7 6. e3 b6 7. Bd3 c5 8. dxc5 bxc5 9. 0-0 Nc6 10. b3 Qc7 11. Bb2 Bb7 12. Qc2 h6 13. Rfd1 d6 14. Rab1 Nd7 15. Bc3 a5 16. e4 e5 17. Nf1 Nd4 18. Bxd4 cxd4 19. Ng3 g6 20. h4 Nc5 21. h5 Rac8 22. Kf1 a4 23. hxg6 fxg6 24. Ke2 axb3 25. Rxb3 Nxb3 26. Qxb3 Kg7 27. Qc2 Ba6 28. Rc1 Qa5 29. Rh1 Qxa3 30. Qd2 Rh8 31. Nh4 Bxh4 32. Rxh4 Qc3 0-1

[Event "GRE-chT 42nd"]
[Site "Porto Rio"]
[Date "2014.06.30"]
[Round "4.8"]
[White "Liodakis, Konstantinos Spyros"]
[Black "Ballas, Kleon Evangelos"]
[Result "1-0"]
[WhiteElo "2177"]
[BlackElo "1893"]
[PlyCount "75"]
[EventDate "2014.06.28"]
[EventType "team-swiss"]
[EventRounds "7"]
[EventCountry "GRE"]
[SourceTitle "CBM 161 Extra"]
[Source "ChessBase"]
[SourceDate "2014.08.29"]
[SourceVersion "1"]
[SourceVersionDate "2014.08.29"]
[SourceQuality "1"]
[WhiteTeam "Chania Kydon"]
[BlackTeam "Thessaloniki Interior"]
[WhiteTeamCountry "GRE"]
[BlackTeamCountry "GRE"]

1. Nf3 d5 2. g3 e6 3. Bg2 Nf6 4. 0-0 Be7 5. d3 0-0 6. c3 c5 7. Qc2 Nc6 8. e4 dxe4 9. dxe4 e5 10. Rd1 Qc7 11. Bg5 Bg4 12. Nbd2 Rfd8 13. Nc4 Bxf3 14. Bxf3 Ne8 15. Bxe7 Nxe7 16. Ne3 b5 17. a4 a6 18. axb5 axb5 19. Qb3 Rxd1+ 20. Rxd1 Rb8 21. Rd2 Rb6 22. c4 Nd6 23. Bg4 bxc4 24. Qa4 g6 25. Nxc4 Nxc4 26. Qe8+ Kg7 27. Rd7 Qc6 28. Qxe7 Qf6 29. Qxc5 Rxb2 30. Rd3 Nd2 31. Qd5 Nxe4 32. Rf3 Rb1+ 33. Kg2 Qa6 34. Qxf7+ Kh6 35. Qf8+ Kg5 36. h4+ Kxg4 37. Rf4+ exf4 38. f3+ 1-0

[Event "GRE-chT 40th"]
[Site "Achaia"]
[Date "2012.07.03"]
[Round "5.3"]
[White "Ballas, Kleon Evangelos"]
[Black "Papadakis, Michalis"]
[Result "0-1"]
[WhiteElo "1970"]
[BlackElo "2211"]
[PlyCount "68"]
[EventDate "2012.06.30"]
[EventType "team-swiss"]
[EventRounds "7"]
[EventCountry "GRE"]
[SourceTitle "CBM 149 Extra"]
[Source "ChessBase"]
[SourceDate "2012.08.24"]
[SourceVersion "1"]
[SourceVersionDate "2012.08.24"]
[SourceQuality "1"]
[WhiteTeam "Thessaloniki"]
[BlackTeam "Heraklion CN"]
[WhiteTeamCountry "GRE"]
[BlackTeamCountry "GRE"]

1. e4 c5 2. Nf3 d6 3. c3 Nf6 4. h3 g6 5. Bd3 Bg7 6. Bc2 0-0 7. d4 cxd4 8. cxd4 a6 9. 0-0 b5 10. Re1 Bb7 11. Nc3 Nbd7 12. e5 Nd5 13. Nxd5 Bxd5 14. Bf4 Nb6 15. h4 Rc8 16. Rc1 Qd7 17. Ng5 dxe5 18. dxe5 Qb7 19. e6 fxe6 20. Qg4 Rc4 21. Be4 Qc6 22. b3 Rc3 23. h5 Bxe4 24. Rxc3 Bxc3 25. Rxe4 Rf6 26. hxg6 h6 27. Qh5 Nd7 28. Qxh6 Nf8 29. Be5 Bxe5 30. Rxe5 Qc1+ 31. Kh2 Qf4+ 32. Kh1 Qxe5 33. Nf7 Qa1+ 34. Kh2 Rxg6 0-1

[Event "GRE-chT 40th"]
[Site "Achaia"]
[Date "2012.07.02"]
[Round "4.4"]
[White "Capone, Nicola"]
[Black "Ballas, Kleon Evangelos"]
[Result "1/2-1/2"]
[WhiteElo "2126"]
[BlackElo "1970"]
[PlyCount "63"]
[EventDate "2012.06.30"]
[EventType "team-swiss"]
[EventRounds "7"]
[EventCountry "GRE"]
[SourceTitle "CBM 149 Extra"]
[Source "ChessBase"]
[SourceDate "2012.08.24"]
[SourceVersion "1"]
[SourceVersionDate "2012.08.24"]
[SourceQuality "1"]
[WhiteTeam "Korydallos"]
[BlackTeam "Thessaloniki"]
[WhiteTeamCountry "GRE"]
[BlackTeamCountry "GRE"]

1. e4 c6 2. d4 d5 3. Nc3 dxe4 4. Nxe4 Bf5 5. Ng3 Bg6 6. h4 h6 7. Nf3 Nd7 8. h5 Bh7 9. Bd3 Bxd3 10. Qxd3 e6 11. Bd2 Ngf6 12. 0-0-0 Be7 13. Ne4 Nxe4 14. Qxe4 Nf6 15. Qd3 Ng4 16. Qe2 0-0 17. Ne5 Nxe5 18. dxe5 Qc7 19. g4 Rfd8 20. f4 Rd5 21. g5 hxg5 22. h6 g6 23. h7+ Kh8 24. Rdg1 Rad8 25. Be3 Qa5 26. Kb1 Ba3 27. Qc4 Bxb2 28. Kxb2 Rb5+ 29. Ka1 Rb4 30. Qc5 Rb5 31. Qc4 Rb4 32. Qc5 1/2-1/2

[Event "GRE-ch U18/20"]
[Site "Peristeri"]
[Date "2011.01.05"]
[Round "4"]
[White "Ballas, Kleon Evangelos"]
[Black "Gouliaros Antoniadis, Alexandros"]
[Result "0-1"]
[WhiteElo "1930"]
[BlackElo "1864"]
[PlyCount "54"]
[EventDate "2011.01.03"]
[EventType "swiss"]
[EventRounds "9"]
[EventCountry "GRE"]
[SourceTitle "CBM 140 Extra"]
[Source "ChessBase"]
[SourceDate "2011.03.01"]
[SourceVersion "1"]
[SourceVersionDate "2011.03.01"]
[SourceQuality "1"]

1. d4 Nf6 2. c4 c5 3. d5 b5 4. cxb5 a6 5. b6 e6 6. Nc3 Nxd5 7. Nxd5 exd5 8. Qxd5 Nc6 9. e4 Be7 10. Bc4 0-0 11. Nf3 Rb8 12. Bd2 Rxb6 13. Bc3 d6 14. Qh5 Be6 15. Bxe6 fxe6 16. Qg4 e5 17. 0-0 Qc8 18. Qh5 Nd4 19. Rae1 g6 20. Qh6 Nxf3+ 21. gxf3 Rf4 22. Rd1 Rh4 23. Qe3 Qh3 24. Rfe1 Rh5 25. f4 Qxh2+ 26. Kf1 Rh3 27. Qd2 Qh1+ 0-1

[Event "GRE-ch U16"]
[Site "Kallithea"]
[Date "2010.06.30"]
[Round "7"]
[White "Sourgkounis, Angelos"]
[Black "Ballas, Kleon Evangelos"]
[Result "1/2-1/2"]
[WhiteElo "1898"]
[BlackElo "1913"]
[PlyCount "120"]
[EventDate "2010.06.26"]
[EventType "swiss"]
[EventRounds "9"]
[EventCountry "GRE"]
[SourceTitle "CBM 137 Extra"]
[Source "ChessBase"]
[SourceDate "2010.09.01"]
[SourceVersion "1"]
[SourceVersionDate "2010.09.01"]
[SourceQuality "1"]

1. d4 Nf6 2. Nf3 d5 3. e3 c5 4. b3 cxd4 5. exd4 Nc6 6. Bb2 Bg4 7. Be2 e6 8. 0-0 Bd6 9. Nbd2 0-0 10. Ne5 Bxe2 11. Qxe2 Rc8 12. c4 dxc4 13. Ndxc4 Be7 14. Rfd1 Nd5 15. Rac1 Bg5 16. Rb1 b5 17. Nxc6 Rxc6 18. Ne5 Rb6 19. g3 Rb7 20. h4 Be7 21. Rbc1 Qa5 22. Ba1 b4 23. h5 Rc7 24. Rc4 Rfc8 25. Re1 Qb6 26. f4 Nc3 27. Bxc3 bxc3 28. Qd3 Ba3 29. Re2 Bb2 30. Rxc7 Rxc7 31. Nc4 c2 32. Rxc2 Qxd4+ 33. Qxd4 Bxd4+ 34. Kf1 Rc5 35. Rd2 Rd5 36. Ke2 Kf8 37. g4 Ke7 38. Kf3 Bc3 39. Rxd5 exd5 40. Ne3 Ke6 41. Nc2 g6 42. hxg6 fxg6 43. Ke3 h5 44. Kf3 h4 45. Ne3 Bd2 46. f5+ gxf5 47. Nxf5 Bg5 48. Nd4+ Kd6 49. b4 a6 50. a4 Bf6 51. Nf5+ Ke5 52. b5 axb5 53. axb5 Bd8 54. b6 Bxb6 55. Nxh4 Kd4 56. Nf5+ Kc3 57. g5 Bd8 58. g6 Bf6 59. Ne3 Kd4 60. Nxd5 Ke5 1/2-1/2

[Event "Thessaloniki op"]
[Site "Thessaloniki"]
[Date "2010.04.06"]
[Round "2"]
[White "Ballas, Kleon Evangelos"]
[Black "Petrov, Marian"]
[Result "0-1"]
[WhiteElo "1913"]
[BlackElo "2526"]
[PlyCount "120"]
[EventDate "2010.04.04"]
[EventType "swiss"]
[EventRounds "9"]
[EventCountry "GRE"]
[SourceTitle "CBM 135 Extra"]
[Source "ChessBase"]
[SourceDate "2010.05.04"]
[SourceVersion "1"]
[SourceVersionDate "2010.05.04"]
[SourceQuality "1"]

1. d4 g6 2. e4 Bg7 3. c4 c5 4. d5 d6 5. Nf3 e6 6. Nc3 Nf6 7. Bd3 0-0 8. h3 Na6 9. 0-0 Nc7 10. Rb1 exd5 11. cxd5 b5 12. Re1 Re8 13. Qc2 c4 14. Bf1 b4 15. Na4 Nxe4 16. Bxc4 Nf6 17. Bg5 Bf5 18. Bd3 Bxd3 19. Qxd3 Ncxd5 20. b3 Rxe1+ 21. Rxe1 h6 22. Bxf6 Nxf6 23. Qd4 a5 24. Rd1 Ne8 25. Qd5 Rc8 26. Nd4 Qg5 27. Qxg5 hxg5 28. Nb6 Rc5 29. Nf3 f6 30. Rd5 Kf7 31. Nd4 Rc1+ 32. Kh2 f5 33. Nf3 g4 34. hxg4 Nf6 35. Rxd6 Nxg4+ 36. Kg3 Nf6 37. Ng5+ Ke7 38. Re6+ Kf8 39. Nc4 a4 40. Nd6 Kg8 41. Kf3 Rc3+ 42. Re3 Nd5 43. Nb5 Bh6 44. Nxc3 bxc3 45. Re8+ Kg7 46. Ke2 Bxg5 47. Rc8 a3 48. Rc4 Be7 49. Kd3 Nb4+ 50. Kxc3 Nxa2+ 51. Kd2 Nb4 52. Rc7 Kf8 53. Rc8+ Kf7 54. Kc3 a2 55. Ra8 Ke6 56. Ra5 Bf6+ 57. Kxb4 a1Q 58. Rxa1 Bxa1 59. Kc5 Ke5 60. b4 Bd4+ 0-1

[Event "EU-ch U16 19th"]
[Site "Fermo"]
[Date "2009.09.07"]
[Round "7"]
[White "De Ridder, Dieter"]
[Black "Ballas, Kleon Evangelos"]
[Result "0-1"]
[WhiteElo "1914"]
[BlackElo "1859"]
[PlyCount "54"]
[EventDate "2009.08.31"]
[EventType "swiss"]
[EventRounds "9"]
[EventCountry "ITA"]
[SourceTitle "CBM 132 Extra"]
[Source "ChessBase"]
[SourceDate "2009.11.03"]
[SourceVersion "1"]
[SourceVersionDate "2009.11.03"]
[SourceQuality "1"]

1. e4 e5 2. Nf3 Nf6 3. Nxe5 d6 4. Nf3 Nxe4 5. d4 d5 6. Bd3 Nc6 7. 0-0 Be7 8. Re1 Bg4 9. c4 Bxf3 10. Qxf3 Nxd4 11. Qg4 0-0 12. cxd5 f5 13. Qd1 Bc5 14. Nc3 Nxf2 15. Kxf2 Qh4+ 16. Kf1 f4 17. Re4 Qxh2 18. Rxd4 Qh1+ 19. Kf2 Bxd4+ 20. Kf3 Qh5+ 21. Ke4 Qe5+ 22. Kf3 Rae8 23. Qh1 h6 24. Ne4 Qxd5 25. b3 Rf7 26. Rb1 Be3 27. Bb2 Qxd3 0-1

[Event "EU-ch U16 19th"]
[Site "Fermo"]
[Date "2009.09.04"]
[Round "5"]
[White "Lortkipanidze, Nodar"]
[Black "Ballas, Kleon Evangelos"]
[Result "1-0"]
[WhiteElo "2218"]
[BlackElo "1859"]
[PlyCount "93"]
[EventDate "2009.08.31"]
[EventType "swiss"]
[EventRounds "9"]
[EventCountry "ITA"]
[SourceTitle "CBM 132 Extra"]
[Source "ChessBase"]
[SourceDate "2009.11.03"]
[SourceVersion "1"]
[SourceVersionDate "2009.11.03"]
[SourceQuality "1"]

1. d4 Nf6 2. Nc3 d5 3. Bg5 Nbd7 4. Nf3 g6 5. Qd2 Ne4 6. Nxe4 dxe4 7. Ng1 h6 8. Bh4 Bg7 9. e3 c5 10. c3 Qb6 11. Bc4 cxd4 12. cxd4 Nf6 13. Ne2 Be6 14. Bxe6 Qxe6 15. Bxf6 Bxf6 16. Qc2 Bg7 17. Nc3 0-0 18. Qxe4 Qc4 19. f4 Rfd8 20. Rd1 b5 21. Qd3 Qe6 22. 0-0 b4 23. Na4 Qxa2 24. b3 Rac8 25. Rf2 Qa3 26. Qb1 Rxd4 27. exd4 Bxd4 28. Rxd4 Rc1+ 29. Rd1 Rxb1 30. Rxb1 g5 31. f5 h5 32. g4 h4 33. Rfb2 Kf8 34. Kf2 Ke8 35. Rd1 f6 36. Ke3 Kf7 37. Ke4 e6 38. fxe6+ Kxe6 39. Rf1 Ke7 40. Kf5 Kf7 41. Re1 Kg7 42. Ke6 Kg6 43. Rf1 Kg7 44. h3 Kg6 45. Rxf6+ Kg7 46. Rf1 Kg6 47. Ke5 1-0

[Event "GRE-ch U16"]
[Site "Kallithea"]
[Date "2009.06.26"]
[Round "3"]
[White "Ballas, Kleon Evangelos"]
[Black "Habesis, Panayotis"]
[Result "1-0"]
[WhiteElo "1865"]
[BlackElo "1735"]
[PlyCount "89"]
[EventDate "2009.06.25"]
[EventType "swiss"]
[EventRounds "9"]
[EventCountry "GRE"]
[SourceTitle "EXT 2011"]
[Source "ChessBase"]
[SourceDate "2010.11.26"]
[SourceVersion "1"]
[SourceVersionDate "2010.11.26"]
[SourceQuality "1"]

1. d4 d5 2. c4 e6 3. Nc3 Nf6 4. cxd5 exd5 5. Bg5 Be7 6. e3 c6 7. Bd3 Nbd7 8. Nf3 0-0 9. 0-0 h6 10. Bh4 Re8 11. Nd2 Nf8 12. a3 Bd6 13. b4 b5 14. Rc1 a5 15. Na2 axb4 16. Nxb4 Bxb4 17. axb4 Qd6 18. Nb3 Ne4 19. f3 Ng5 20. Qd2 Nfe6 21. Na5 Nd8 22. Bxg5 hxg5 23. e4 dxe4 24. Bxe4 Bd7 25. Rfd1 f5 26. Bb1 Qf4 27. Qxf4 gxf4 28. d5 Rc8 29. dxc6 Bxc6 30. Bxf5 Rc7 31. Nxc6 Rxc6 32. Rxc6 Nxc6 33. Bd7 Rd8 34. Be6+ Kf8 35. Rxd8+ Nxd8 36. Bd7 Ke7 37. Bxb5 Kd6 38. h4 Ne6 39. Kh2 Nc7 40. Bc4 Ke5 41. b5 Na8 42. Kh3 Nb6 43. Bf7 Kf5 44. Be8 g6 45. Bc6 1-0